000 00328nam a22001337a 4500
008 180302b xxu||||| |||| 00| 0 eng d
020 _a9780130176776
041 _aeng
080 _28th
_a54
100 _a12
101 _aKIM
245 _aGeneral chemistry principles and modern applications
_cPetrucci,R.H
942 _2udc
_cBK
999 _c43934
_d43934